а-Цианотиоацетамид

Detalles Bibliográficos
Outros autores: Магеррамов А. М., Шихалиев Н. Г., Дяченко В. Д., Дяченко И. В., Ненайденко В. Г.
Summary:В монографии системно рассмотрены химические свойства а-цианотиоацетамида, собранные в литературе с момента его открытия. Материал систематизирован по ключевой стадии реакции для каждой из функциональных групп. Все разделы содержат методики синтеза определенных классов органических соединений, рассмотренных в ней.
Idioma:ruso
Publicado: Москва, Техносфера, 2018
Series:Мир химии
Subjects:
Formato: MixedMaterials Libro
KOHA link:https://koha.lib.tpu.ru/cgi-bin/koha/opac-detail.pl?biblionumber=341623

MARC

LEADER 00000nam0a2200000 4500
001 341623
005 20231102005350.0
010 |a 9785948365107 
035 |a (RuTPU)RU\TPU\book\369842 
090 |a 341623 
100 |a 20181017d2018 k y0rusy50 ca 
101 0 |a rus 
102 |a RU 
105 |a a z 001zy 
200 1 |a а-Цианотиоацетамид  |f А. М. Магеррамов [и др.] 
210 |a Москва  |c Техносфера  |d 2018 
215 |a 224 с.  |c ил. 
225 1 |a Мир химии 
320 |a Библиогр.: с. 118-222 
330 |a В монографии системно рассмотрены химические свойства а-цианотиоацетамида, собранные в литературе с момента его открытия. Материал систематизирован по ключевой стадии реакции для каждой из функциональных групп. Все разделы содержат методики синтеза определенных классов органических соединений, рассмотренных в ней. 
606 1 |a Химические реактивы, органические  |2 stltpush  |3 (RuTPU)RU\TPU\subj\73372  |9 86404 
610 1 |a a-цианотиоацетамид 
610 1 |a метиленовые соединения 
610 1 |a нуклеофильные реакции 
610 1 |a электрофильные реакции 
610 1 |a тиокарбонильная группа 
610 1 |a нитрильная группа 
675 |a 543-412.2  |v 4 
701 1 |a Магеррамов  |b А. М. 
701 1 |a Шихалиев  |b Н. Г. 
701 1 |a Дяченко  |b В. Д. 
701 1 |a Дяченко  |b И. В. 
701 1 |a Ненайденко  |b В. Г. 
801 1 |a RU  |b 63413507  |c 20181017 
801 2 |a RU  |b 63413507  |c 20190820  |g RCR 
942 |c BK 
959 |a 4/20190321  |d 1  |e 920,00  |f ЧЗТЛ:1